Novel by Protagonist II Quiz Stats

 Plays Quiz Updated May 30, 2019

     
Support Sporcle.
Go Orange.
Score 0/24 Timer 06:00
3 Plays Today
Protagonist Literary Work % Correct
Ebenezer ScroogeA Christmas Carol
89.7%
Jean ValjeanLes Misérables
74.7%
Elizabeth BennetPride and Prejudice
72.9%
Robert LangdonThe Da Vinci Code
70.8%
Katniss EverdeenThe Hunger Games
65.5%
Holly GolightlyBreakfast at Tiffany's
60.2%
Capt. John YossarianCatch-22
56.7%
Lisabeth SalanderThe Girl with the Dragon Tattoo
56.5%
Phileas FoggAround the World in 80 Days
53.3%
Tom JoadThe Grapes of Wrath
49.9%
Humbert HumbertLolita
46.9%
Arthur DentThe Hitchhiker's Guide to the Galaxy
44.8%
Protagonist Literary Work % Correct
Patrick BatemanAmerican Psycho
38.9%
Ender WigginEnder's Game
37.1%
Sam SpadeThe Maltese Falcon
37.1%
Gregor SamsaThe Metamorphosis
30.4%
Guy MontagFahrenheit 451
29.2%
SantiagoThe Old Man and the Sea
20%
OkonkwoThings Fall Apart
19%
Dagny Taggart Atlas Shrugged
16.9%
Charles MarlowHeart of Darkness
16.7%
Fermina DazaLove in the Time of Cholera
7.6%
Lt. Frederic HenryA Farewell to Arms
7.4%
Hal IncandenzaInfinite Jest
4.3%

From the Vault

Foods by Cake

by timmylemoine1

Why eat healthy food when you can eat cake?
Remove Ads.
Support Sporcle.
Get the best of Sporcle when you Go Orange. This ad-free experience offers more features, more stats, and more fun while also helping to support Sporcle. Thank you for becoming a member.

Show Comments

Extras

Top Quizzes Today


Score Distribution

Your Account Isn't Verified!

In order to create a playlist on Sporcle, you need to verify the email address you used during registration. Go to your Sporcle Settings to finish the process.

Report this User

Report this user for behavior that violates our Community Guidelines.

Details: